Water management techniques: A practical experience at Foong Lee Plantation (Record no. 72294)

MARC details
000 -LEADER
fixed length control field 00430nam a2200157Ia 4500
100 ## - MAIN ENTRY--AUTHOR NAME
Personal name Hong Poh Weng
245 #0 - TITLE STATEMENT
Title Water management techniques: A practical experience at Foong Lee Plantation
260 ## - PUBLICATION, DISTRIBUTION, ETC. (IMPRINT)
Name of publisher The Planter
Year of publication 2010
300 ## - PHYSICAL DESCRIPTION
Number of Pages 381-394
650 ## - SUBJECT ADDED ENTRY--TOPICAL TERM
Topical Term Enhanced productivity
650 ## - SUBJECT ADDED ENTRY--TOPICAL TERM
Topical Term Flooding
650 ## - SUBJECT ADDED ENTRY--TOPICAL TERM
Topical Term Water management
650 ## - SUBJECT ADDED ENTRY--TOPICAL TERM
Topical Term Water pump
942 ## - ADDED ENTRY ELEMENTS (KOHA)
Koha item type Journals
Holdings
Withdrawn status Lost status Damaged status Not for loan Home library Current library Date acquired Serial Enumeration / chronology Koha item type
      Journals RRII Library RRII Library 16/09/2010 Volume 86, Issue 1011 Journals